100 największych miast w Polsce! - Statystyki

Ogólne statystyki
  • Ten quiz został rozwiązany 4 510 razy
  • Średni wynik to 58 z 100
Statystyki odpowiedzi
Nr Miasto Województwa Ludność % Poprawnych
1 Warszawa mazowieckie 1 794 166
99%
6 Gdańsk pomorskie 470 805
97%
2 Kraków małopolskie 779 966
97%
3 Łódź łódzkie 672 185
97%
5 Poznań wielkopolskie 532 048
96%
4 Wrocław dolnośląskie 641 928
96%
12 Gdynia pomorskie 244 969
95%
11 Katowice śląskie 290 553
94%
9 Lublin lubelskie 338 586
94%
7 Szczecin zachodniopomorskie 398 255
94%
10 Białystok podlaskie 296 958
92%
8 Bydgoszcz kujawsko-pomorskie 344 091
92%
15 Toruń kujawsko-pomorskie 198 613
89%
18 Kielce świętokrzyskie 193 415
85%
27 Opole opolskie 127 839
85%
17 Rzeszów podkarpackie 196 638
85%
14 Radom mazowieckie 209 296
84%
20 Olsztyn warmińsko-mazurskie 171 249
83%
24 Zielona Góra lubuskie 140 892
83%
13 Częstochowa śląskie 217 530
80%
19 Gliwice śląskie 177 049
77%
29 Gorzów Wielkopolski lubuskie 122 589
77%
16 Sosnowiec śląskie 197 586
75%
21 Zabrze śląskie 170 924
72%
30 Elbląg warminsko-mazurskie 118 582
71%
22 Bielsko-Biała śląskie 169 756
70%
35 Tarnów małopolskie 107 498
70%
23 Bytom śląskie 163 255
69%
36 Chorzów śląskie 106 846
69%
32 Płock mazowieckie 118 268
69%
37 Koszalin zachodniopomorskie 106 235
68%
54 Suwałki podlaskie 69 639
64%
38 Kalisz wielkopolskie 99 106
63%
39 Legnica dolnośląskie 98 436
63%
28 Tychy śląskie 126 871
63%
51 Lubin dolnośląskie 71 710
62%
95 Kołobrzeg zachodniopomorskie 46 198
61%
33 Wałbrzych dolnośląskie 109 971
61%
34 Włocławek kujawsko-pomorskie 108 561
61%
44 Nowy Sącz małopolskie 83 558
59%
25 Rybnik śląskie 137 128
59%
31 Dąbrowa Górnicza śląskie 118 285
58%
45 Jelenia Góra dolnośląskie 78 335
58%
48 Konin wielkopolskie 72 539
57%
49 Piła wielkopolskie 72 527
57%
66 Ełk warmińsko-mazurskie 61 903
56%
50 Piotrków Trybunalski łódzkie 72 250
56%
42 Słupsk pomorskie 89 780
56%
63 Zamość lubelskie 62 785
56%
52 Inowrocław kujawsko-pomorskie 71 674
55%
72 Przemyśl podkarpackie 59 779
55%
26 Ruda Śląska śląskie 136 423
55%
40 Grudziądz kujawsko-pomorskie 93 564
54%
56 Gniezno wielkopolskie 67 570
53%
69 Chełm lubelskie 61 135
51%
64 Pruszków mazowieckie 62 623
50%
46 Siedlce mazowieckie 77 813
50%
96 Krosno podkarpackie 45 944
48%
61 Leszno wielkopolskie 62 854
48%
65 Łomża podlaskie 62 573
48%
70 Mielec podkarpackie 60 075
46%
55 Stargard zachodniopomorskie 67 579
46%
76 Bełchatów łódzkie 56 419
45%
75 Biała Podlaska lubelskie 56 942
45%
53 Ostrów Wielkopolski wielkopolskie 71 560
44%
94 Tarnobrzeg podkarpackie 46 360
44%
41 Jaworzno śląskie 90 368
43%
57 Ostrowiec Świętokrzyski świętokrzyski 67 404
43%
59 Głogów dolnośląskie 66 120
42%
47 Mysłowice śląskie 74 559
42%
83 Ostrołęka mazowieckie 51 656
42%
43 Jastrzębie-Zdrój śląskie 88 038
41%
71 Kędzierzyn-Koźle opolskie 60 021
41%
73 Stalowa Wola podkarpackie 59 623
41%
74 Tczew pomorskie 59 430
41%
62 Żory śląskie 62 844
41%
82 Legionowo mazowieckie 53 529
39%
60 Pabianice łódzkie 63 945
39%
89 Skierniewice łódzkie 47 655
39%
67 Tarnowskie Góry śląskie 61 756
39%
79 Zgierz łódzkie 55 673
39%
58 Siemianowice Śląskie śląskie 66 270
38%
68 Tomaszów Mazowiecki łódzkie 61 338
38%
88 Piaseczno mazowieckie 48 670
37%
78 Będzin śląskie 56 008
36%
93 Puławy lubelskie 46 965
36%
86 Wejherowo pomorskie 49 099
36%
98 Dębica podkarpackie 45 189
35%
80 Piekary Śląskie śląskie 54 702
35%
97 Radomsko łódzkie 45 353
35%
99 Otwock mazowieckie 44 317
34%
81 Racibórz śląskie 54 259
33%
84 Rumia pomorskie 49 536
33%
100 Skarżysko-Kamienna świętokrzyskie 44 260
33%
90 Starachowice świętokrzyskie 47 638
33%
92 Starogard Gdański pomorskie 47 272
33%
77 Świdnica dolnośląskie 56 222
33%
85 Świętochłowice śląskie 49 108
33%
91 Wodzisław Śląski śląskie 47 576
33%
87 Zawiercie śląskie 48 703
33%
Nie znaleziono quizów pasujących do podanych kryteriów
Rozkład punktacji
Procent ludzi z każdym wynikiem
Percentyl według liczby udzielonych odpowiedzi
Twoja historia wyników
Nie rozwiązałeś tego quizu